000 00833nam a2200205Ii 4500
003 JO-AjNU
008 230605s9999||||xx |||||||||||||| ||und||
017 _a83/3634
040 _aJO-AjNU
_bara
_erda
_cJO-AjNU
041 _aara
050 1 4 _aLB1025.M8 1983
100 3 _aرضوان، أبو الفتوح مؤلف/بدران، مصطفى م.مشارك/الغنام، محمد أحمد م.مشارك/سلامة، أحمد عبد العزيز م.مشارك/عوف محمود م.مشارك,
_eauthor
_940033
245 0 0 _aالمدرس في المدرسة والمجتمع
264 3 1 _aالقاهرة:مكتبة الأنجلو المصرية،1983
300 _a318ص
336 _atext
_btxt
_2rdacontent
337 _aunmediated
_bn
_2rdamedia
338 _avolume
_bnc
_2rdacarrier
650 4 _aمعلمون ومجتمع
_940034
999 _aA16956
_c20524
_d20524